393. Miért akartuk a keresztet? Délvidéki Ifjúság I. (1935/36.) 7. szám (március) 1. oldal

Elmentve itt :
Bibliográfiai részletek
Dokumentumtípus: Könyv része
Megjelent: 2012
Sorozat:Egyetemi ifjúsági egyesületek Szegeden 1919 és 1944 között
Kulcsszavak:Történelemtudomány, Művelődéstörténet
Online Access:http://univ.bibl.u-szeged.hu/3489
LEADER 00710naa a2200181 i 4500
001 univ3489
005 20200529060512.0
008 170606s2012 hu o 0|| hun d
020 |a 978 615 5106 06 4 
040 |a SZTE UnivHistória Repozitórium  |b hun 
041 |a hun 
245 0 0 |a 393. Miért akartuk a keresztet?   |h [elektronikus dokumentum] :  |b Délvidéki Ifjúság I. (1935/36.) 7. szám (március) 1. oldal 
260 |c 2012 
300 |a 417 
490 0 |a Egyetemi ifjúsági egyesületek Szegeden 1919 és 1944 között 
561 |a Egyetemtörténeti könyvek 
695 |a Történelemtudomány, Művelődéstörténet 
856 4 0 |u http://univ.bibl.u-szeged.hu/3489/1/egyetemi_ifjusagi_417.pdf  |z Dokumentum-elérés